[Event "Manhattan op"]
[Site "New York"]
[Date "2011.08.21"]
[Round "8"]
[White "Gelashvili, Tamaz"]
[Black "Zhao, Parker Bi Guang"]
[Result "1-0"]
[WhiteElo "2616"]
[BlackElo "2382"]
[PlyCount "63"]
[EventDate "2011.08.17"]
[EventType "swiss"]
[EventRounds "9"]
[EventCountry "USA"]
[SourceTitle "CBM 143 Extra"]
[Source "ChessBase"]
[SourceDate "2011.08.29"]
[SourceVersion "1"]
[SourceVersionDate "2011.08.29"]
[SourceQuality "1"]

1. e4 c5 2. b3 e6 3. Bb2 d6 4. Bb5+ Nd7 5. f4 Ngf6 6. Qe2 a6 7. Bxd7+ Bxd7 8. Nf3 Be7 9. 0-0 0-0 10. d3 b5 11. Nbd2 Bc6 12. Kh1 Qc7 13. Rae1 a5 14. e5 Nd5 15. exd6 Bxd6 16. Ne5 Ne7 17. Ne4 Bxe4 18. dxe4 c4 19. bxc4 bxc4 20. Nxc4 Bxf4 21. e5 Ng6 22. Qe4 Rfc8 23. Nd6 f5 24. Qd4 Rcb8 25. c4 Bxe5 26. Rxe5 Nxe5 27. Qxe5 Qd7 28. c5 Ra6 29. h3 Rc6 30. Bd4 Rb4 31. Bc3 Rh4 32. Rb1 1-0

[Event "Manhattan op"]
[Site "New York"]
[Date "2011.08.19"]
[Round "5"]
[White "Zhao, Parker Bi Guang"]
[Black "Ashley, Maurice"]
[Result "1-0"]
[WhiteElo "2382"]
[BlackElo "2465"]
[PlyCount "93"]
[EventDate "2011.08.17"]
[EventType "swiss"]
[EventRounds "9"]
[EventCountry "USA"]
[SourceTitle "CBM 143 Extra"]
[Source "ChessBase"]
[SourceDate "2011.08.29"]
[SourceVersion "1"]
[SourceVersionDate "2011.08.29"]
[SourceQuality "1"]

1. e4 c5 2. Nf3 d6 3. c3 Nf6 4. Be2 e6 5. 0-0 Be7 6. d3 0-0 7. Be3 Nc6 8. h3 Qc7 9. Bf4 e5 10. Bh2 Re8 11. Nbd2 Bf8 12. Re1 Bd7 13. Rc1 Rad8 14. d4 b6 15. dxe5 dxe5 16. Bb5 Nb8 17. Bxd7 Nbxd7 18. Qe2 Nh5 19. Nc4 g6 20. Rcd1 Bg7 21. Qc2 b5 22. Nd6 Re6 23. Nxb5 Qb8 24. c4 Nf4 25. Nc3 Nf8 26. Nd5 Ree8 27. a3 h6 28. Rd2 Rc8 29. Rb1 N4e6 30. b4 f6 31. Qc3 Qa8 32. b5 Nd4 33. Nxd4 exd4 34. Qf3 Nd7 35. a4 Kh7 36. a5 Rf8 37. b6 axb6 38. axb6 Qa5 39. Qe2 Rce8 40. f3 Qa4 41. b7 f5 42. Nc7 Re5 43. Bxe5 Bxe5 44. exf5 gxf5 45. Nd5 Qc6 46. f4 Bf6 47. Qd3 1-0

[Event "Quebec-ch op"]
[Site "Montreal"]
[Date "2011.07.30"]
[Round "9"]
[White "Zhao, Parker Bi Guang"]
[Black "Le Roux, Jean Pierre"]
[Result "0-1"]
[WhiteElo "2382"]
[BlackElo "2517"]
[PlyCount "88"]
[EventDate "2011.07.23"]
[EventType "swiss"]
[EventRounds "9"]
[EventCountry "CAN"]
[SourceTitle "CBM 143 Extra"]
[Source "ChessBase"]
[SourceDate "2011.08.29"]
[SourceVersion "1"]
[SourceVersionDate "2011.08.29"]
[SourceQuality "1"]

1. e4 e5 2. Nf3 Nc6 3. Bb5 Nge7 4. c3 a6 5. Ba4 g6 6. d4 exd4 7. cxd4 b5 8. Bb3 Bg7 9. Nc3 Na5 10. Bc2 d6 11. h3 0-0 12. 0-0 c5 13. Bf4 cxd4 14. Nxd4 Bb7 15. Nce2 Re8 16. Bg3 Nec6 17. Re1 Nxd4 18. Nxd4 Rc8 19. Re2 Nc4 20. Rb1 Qb6 21. Nf3 Nxb2 22. Qxd6 Qxd6 23. Bxd6 Nc4 24. Rd1 Rcd8 25. Bc5 Rxd1+ 26. Bxd1 Rxe4 27. Kf1 h6 28. Rxe4 Bxe4 29. Ke2 Nb2 30. Bb3 Nd3 31. Be3 Nb4 32. Bc5 Nd5 33. g3 a5 34. Nd2 Nc3+ 35. Ke3 Bg2 36. a3 Bxh3 37. Bd4 Be6 38. Bxg7 Kxg7 39. Kd4 Bxb3 40. Kxc3 Be6 41. Kd4 b4 42. axb4 axb4 43. Kc5 b3 44. Kb4 g5 0-1

[Event "Quebec-ch op"]
[Site "Montreal"]
[Date "2011.07.27"]
[Round "6"]
[White "Zhao, Parker Bi Guang"]
[Black "Rozentalis, Eduardas"]
[Result "0-1"]
[WhiteElo "2382"]
[BlackElo "2571"]
[PlyCount "112"]
[EventDate "2011.07.23"]
[EventType "swiss"]
[EventRounds "9"]
[EventCountry "CAN"]
[SourceTitle "CBM 143 Extra"]
[Source "ChessBase"]
[SourceDate "2011.08.29"]
[SourceVersion "1"]
[SourceVersionDate "2011.08.29"]
[SourceQuality "1"]

1. e4 e6 2. Qe2 Be7 3. f4 d5 4. e5 Nh6 5. Nf3 Nf5 6. g3 h5 7. c3 b6 8. Bg2 Ba6 9. d3 Nd7 10. Be3 Nc5 11. Bxc5 bxc5 12. Bh3 Rb8 13. b3 d4 14. Bxf5 exf5 15. cxd4 cxd4 16. h4 Qd5 17. Kf2 Bb4 18. Rc1 0-0 19. a3 Be7 20. Rxc7 Rxb3 21. Ne1 Rb7 22. Rxb7 Bxb7 23. Nd2 g6 24. Nef3 Rc8 25. Nc4 Bc5 26. Rb1 Bc6 27. Qd1 Kg7 28. a4 Rc7 29. a5 Rb7 30. Rxb7 Bxb7 31. Qe2 Kf8 32. Ne1 Qh1 33. Qf1 Qh2+ 34. Ng2 Bb4 35. a6 Bd5 36. Qg1 Qh3 37. Ne1 Qg4 38. Nb2 Bd2 39. Qh2 Bc3 40. Kf1 Kg7 41. Na4 Bb4 42. Nb2 Bc6 43. e6 fxe6 44. Nc4 Bb5 45. Qb2 Qh3+ 46. Ng2 Qxg3 47. Qxd4+ Kg8 48. Ne5 Be7 49. Qc3 Bxa6 50. Qb3 Kh7 51. Qxe6 Bxd3+ 52. Nxd3 Qxd3+ 53. Kg1 Bc5+ 54. Kh2 Qd1 55. Qf7+ Kh6 56. Qe8 Bg1+ 0-1

[Event "Quebec-ch op"]
[Site "Montreal"]
[Date "2011.07.24"]
[Round "3"]
[White "Voloaca, Mihnea"]
[Black "Zhao, Parker Bi Guang"]
[Result "0-1"]
[WhiteElo "2236"]
[BlackElo "2382"]
[PlyCount "80"]
[EventDate "2011.07.23"]
[EventType "swiss"]
[EventRounds "9"]
[EventCountry "CAN"]
[SourceTitle "CBM 143 Extra"]
[Source "ChessBase"]
[SourceDate "2011.08.29"]
[SourceVersion "1"]
[SourceVersionDate "2011.08.29"]
[SourceQuality "1"]

1. d4 d5 2. Nf3 c6 3. c4 Nf6 4. e3 Bg4 5. Qb3 Qb6 6. Nc3 e6 7. Nh4 Be7 8. h3 Bh5 9. g4 Bg6 10. Nxg6 hxg6 11. Bg2 g5 12. Bd2 Nbd7 13. Rc1 Rd8 14. c5 Qc7 15. Qc2 e5 16. b4 Nf8 17. Ne2 Ng6 18. Ng3 Nh4 19. Kf1 e4 20. Rg1 g6 21. Qd1 Nd7 22. Bh1 f5 23. f4 exf3 24. gxf5 gxf5 25. Bxf3 Nf6 26. Be1 Kd7 27. Bh1 Rdf8 28. Ke2 f4 29. Nf1 f3+ 30. Bxf3 Nxf3 31. Kxf3 g4+ 32. hxg4 Rh2 33. g5 Ng8+ 34. Kg4 Nh6+ 35. gxh6 Rg8+ 36. Kf3 Rxg1 37. Bg3 Rh3 38. Kf2 Rgxg3 39. Qd3 Rf3+ 40. Ke2 Rf6 0-1

[Event "World op 39th"]
[Site "Philadelphia"]
[Date "2011.07.01"]
[Round "2"]
[White "Zhao, Parker Bi Guang"]
[Black "Bluvshtein, Mark"]
[Result "0-1"]
[WhiteElo "2359"]
[BlackElo "2589"]
[PlyCount "56"]
[EventDate "2011.06.30"]
[EventType "swiss"]
[EventRounds "9"]
[EventCountry "USA"]
[SourceTitle "CBM 143 Extra"]
[Source "ChessBase"]
[SourceDate "2011.08.29"]
[SourceVersion "1"]
[SourceVersionDate "2011.08.29"]
[SourceQuality "1"]

1. e4 d6 2. d4 g6 3. Nc3 Bg7 4. Be3 Nf6 5. h3 c6 6. Nf3 0-0 7. Bd3 Nbd7 8. 0-0 Qc7 9. Ne2 e5 10. dxe5 dxe5 11. c4 b6 12. b4 Rd8 13. Qc2 Nh5 14. Bg5 Re8 15. Qd2 Nf8 16. g4 Nf6 17. Be3 h5 18. g5 N6h7 19. Kg2 Ne6 20. Rad1 Qe7 21. c5 bxc5 22. bxc5 Nxc5 23. Bxc5 Qxc5 24. Rc1 Qe7 25. Bc4 Rd8 26. Qe3 Nf8 27. Bb3 Rd6 28. Nd2 Qd7 0-1

[Event "Budapest FS08 IM-A"]
[Site "Budapest"]
[Date "2010.08.11"]
[Round "5"]
[White "Battey, Alexander"]
[Black "Zhao, Parker Bi Guang"]
[Result "1/2-1/2"]
[WhiteElo "2150"]
[BlackElo "2267"]
[PlyCount "61"]
[EventDate "2010.08.07"]
[EventType "tourn"]
[EventRounds "9"]
[EventCountry "HUN"]
[SourceTitle "CBM 137 Extra"]
[Source "ChessBase"]
[SourceDate "2010.09.01"]
[SourceVersion "1"]
[SourceVersionDate "2010.09.01"]
[SourceQuality "1"]

1. e4 c5 2. Nf3 e6 3. d3 d5 4. Qe2 Nf6 5. g3 Be7 6. Bg2 Nc6 7. 0-0 0-0 8. e5 Nd7 9. c4 Nb6 10. h4 Bd7 11. b3 f5 12. Nc3 Be8 13. Ng5 Nd4 14. Qd1 Bc6 15. Qh5 h6 16. Nh3 dxc4 17. dxc4 Nf3+ 18. Kh1 Nxe5 19. Bxc6 bxc6 20. Nf4 Qc8 21. Bb2 Bf6 22. Rae1 Qe8 23. Qe2 Nbd7 24. Na4 Qf7 25. Nxe6 Qxe6 26. f4 Rae8 27. fxe5 Bxe5 28. Nxc5 Qd6 29. Nxd7 Bxb2 30. Qxb2 Qxd7 31. Qg2 1/2-1/2

[Event "Washington Eastern op 35rd"]
[Site "Washington DC"]
[Date "2008.12.28"]
[Round "4"]
[White "Zhao, Parker Bi Guang"]
[Black "Sherman, David"]
[Result "1/2-1/2"]
[WhiteElo "2317"]
[BlackElo "2142"]
[PlyCount "90"]
[EventDate "2008.12.27"]
[EventType "swiss"]
[EventRounds "7"]
[EventCountry "USA"]
[SourceTitle "CBM 128 Extra"]
[Source "ChessBase"]
[SourceDate "2009.03.05"]
[SourceVersion "2"]
[SourceVersionDate "2009.03.25"]
[SourceQuality "1"]

1. e4 e5 2. Nf3 Nc6 3. Bb5 a6 4. Bxc6 dxc6 5. 0-0 f6 6. d4 exd4 7. Nxd4 c5 8. Nb3 Qxd1 9. Rxd1 Bg4 10. f3 Be6 11. Nc3 Bd6 12. Be3 b6 13. Nd5 0-0-0 14. Rd2 Ne7 15. Nxe7+ Bxe7 16. Rad1 Rxd2 17. Rxd2 f5 18. e5 g5 19. f4 h6 20. a3 Kb7 21. Nc1 Kc6 22. Kf2 Rg8 23. Ne2 g4 24. Rd3 h5 25. Rc3 Kb7 26. Rd3 h4 27. g3 Rh8 28. Kg1 Bc4 29. Rd2 Kc6 30. Bf2 h3 31. Nc3 b5 32. Nd1 a5 33. Ne3 Be6 34. c3 Rb8 35. Nc2 a4 36. Be1 Bd5 37. Kf2 Be4 38. Ke2 Bd5 39. Ne3 Be6 40. Nc2 Kb7 41. Ne3 c6 42. Kd1 Kc7 43. Kc2 b4 44. c4 Kc8 45. Rd3 Kc7 1/2-1/2

[Event "New York Marshall CC-ch 92nd"]
[Site "New York"]
[Date "2008.10.18"]
[Round "2"]
[White "Izoria, Zviad"]
[Black "Zhao, Parker Bi Guang"]
[Result "1-0"]
[WhiteElo "2610"]
[BlackElo "2317"]
[PlyCount "45"]
[EventDate "2008.10.17"]
[EventType "swiss"]
[EventRounds "9"]
[EventCountry "USA"]
[SourceTitle "EXT 2010"]
[Source "ChessBase"]
[SourceDate "2010.11.25"]
[SourceVersion "1"]
[SourceVersionDate "2010.11.25"]
[SourceQuality "1"]

1. e4 c5 2. Nf3 e6 3. g3 Nf6 4. d3 d5 5. Qe2 Be7 6. Bg2 Nc6 7. 0-0 0-0 8. e5 Nd7 9. c4 Nb6 10. b3 f6 11. Bb2 f5 12. Na3 Qc7 13. d4 dxc4 14. Nxc4 Rd8 15. dxc5 Bxc5 16. Rfd1 Nd5 17. Rac1 b6 18. Nd6 a5 19. Ng5 Ba6 20. Qh5 g6 21. Nxe6 gxh5 22. Bxd5 Qe7 23. Nxd8+ 1-0

[Event "New England Masters"]
[Site "Pawtucket"]
[Date "2008.08.15"]
[Round "7"]
[White "Masse, Hugues"]
[Black "Zhao, Parker Bi Guang"]
[Result "0-1"]
[WhiteElo "2196"]
[BlackElo "2242"]
[PlyCount "50"]
[EventDate "2008.08.11"]
[EventType "swiss"]
[EventRounds "9"]
[EventCountry "USA"]
[SourceTitle "CBM 125 Extra"]
[Source "ChessBase"]
[SourceDate "2008.09.01"]
[SourceVersion "1"]
[SourceVersionDate "2008.09.01"]
[SourceQuality "1"]

1. d4 d5 2. c4 c6 3. Nf3 Nf6 4. Nc3 e6 5. e3 Nbd7 6. Bd3 dxc4 7. Bxc4 b5 8. Bd3 Bd6 9. 0-0 0-0 10. Qc2 Bb7 11. Ne4 Nxe4 12. Bxe4 f5 13. Bd3 c5 14. Qe2 a6 15. e4 cxd4 16. exf5 Nc5 17. Ng5 exf5 18. a4 Qe8 19. axb5 Nxd3 20. Qxd3 Qe5 21. g3 Qd5 22. f3 axb5 23. Rxa8 Rxa8 24. Nh3 b4 25. Rd1 Ba6 0-1

[Event "New England Masters"]
[Site "Pawtucket"]
[Date "2008.08.12"]
[Round "3"]
[White "Zhao, Parker Bi Guang"]
[Black "Galofre, Charles A"]
[Result "1/2-1/2"]
[WhiteElo "2242"]
[BlackElo "2320"]
[PlyCount "101"]
[EventDate "2008.08.11"]
[EventType "swiss"]
[EventRounds "9"]
[EventCountry "USA"]
[SourceTitle "CBM 125 Extra"]
[Source "ChessBase"]
[SourceDate "2008.09.01"]
[SourceVersion "1"]
[SourceVersionDate "2008.09.01"]
[SourceQuality "1"]

1. e4 e5 2. Nf3 Nc6 3. Bb5 a6 4. Bxc6 dxc6 5. 0-0 Bg4 6. h3 h5 7. d3 Qf6 8. Nbd2 Ne7 9. Re1 Ng6 10. d4 Nf4 11. dxe5 Qg6 12. Nh4 Bxd1 13. Nxg6 Nxg6 14. Rxd1 0-0-0 15. Rf1 Bc5 16. Nf3 Rde8 17. Re1 Nxe5 18. Nxe5 Rxe5 19. Be3 Bb4 20. c3 Bf8 21. f3 c5 22. c4 Bd6 23. Rad1 Rhe8 24. Kf1 g6 25. Bf2 b6 26. Rd3 R5e6 27. Rd5 Be5 28. Rd2 Rd6 29. Rxd6 cxd6 30. b3 g5 31. Ke2 h4 32. Kd3 Kd7 33. Be3 f6 34. Rf1 Rg8 35. Bd2 Ke6 36. Bc3 b5 37. Rd1 Rd8 38. Kc2 bxc4 39. bxc4 Rb8 40. a3 a5 41. Bxe5 Kxe5 42. Rd5+ Ke6 43. Rd3 a4 44. Kc1 Rf8 45. Rd5 f5 46. e5 dxe5 47. Rxc5 Rg8 48. Rc6+ Kd7 49. Rc5 Kd6 50. Ra5 g4 51. c5+ 1/2-1/2

[Event "USA tt"]
[Site "ICC INT"]
[Date "2007.10.17"]
[Round "8"]
[White "Zhao, Parker Bi Guang"]
[Black "Zenyuk, Iryna"]
[Result "1/2-1/2"]
[WhiteElo "2180"]
[BlackElo "2197"]
[PlyCount "100"]
[EventDate "2007.08.29"]
[EventType "team"]
[EventRounds "10"]
[EventCountry "USA"]
[SourceTitle "CBM 120 Extra"]
[Source "ChessBase"]
[SourceDate "2007.11.01"]
[SourceVersion "1"]
[SourceVersionDate "2007.11.01"]
[SourceQuality "1"]

1. e4 c5 2. Nf3 e6 3. d3 Nc6 4. g3 g6 5. Bg2 Bg7 6. 0-0 Nge7 7. Re1 d6 8. c3 0-0 9. Na3 e5 10. Nc2 b6 11. d4 exd4 12. cxd4 Bg4 13. Be3 Qd7 14. Qd2 Rac8 15. Nh4 Bh3 16. Rad1 Bxg2 17. Kxg2 Na5 18. Na3 Qa4 19. Nf3 b5 20. dxc5 dxc5 21. Qd7 Nac6 22. Bxc5 Rfd8 23. b3 Qa6 24. Qg4 Bb2 25. Nc2 Qxa2 26. Rxd8+ Rxd8 27. Bxe7 Nxe7 28. Qg5 Nc6 29. Qxb5 Ne7 30. Qg5 Nc6 31. Nb4 f6 32. Nxa2 fxg5 33. Re2 Bf6 34. Rc2 Rd6 35. Nd2 Kf7 36. Nc4 Re6 37. Rd2 Ke7 38. f3 g4 39. fxg4 Rxe4 40. Nc1 Bg5 41. Re2 Re6 42. Rxe6+ Kxe6 43. Ne2 Kd5 44. Nc3+ Kd4 45. Nb5+ Kc5 46. Nc3 Kb4 47. Ne4 Bd8 48. Ncd2 Nd4 49. h4 Nxb3 50. Nxb3 Kxb3 1/2-1/2

[Event "Baltic Sea Cup"]
[Site "Ronne"]
[Date "2007.08.01"]
[Round "3.28"]
[White "Zhao, Parker Bi Guang"]
[Black "Grandadam, Nicolas"]
[Result "1-0"]
[WhiteElo "2180"]
[BlackElo "2022"]
[PlyCount "115"]
[EventDate "2007.07.30"]
[EventType "swiss"]
[EventRounds "9"]
[EventCountry "DEN"]
[SourceTitle "EXT 2023"]
[Source "ChessBase"]
[SourceDate "2022.10.05"]
[SourceVersion "1"]
[SourceVersionDate "2022.10.05"]
[SourceQuality "1"]

1. e4 c5 2. Nf3 a6 3. d3 g6 4. g3 Bg7 5. Bg2 e6 6. 0-0 Ne7 7. c3 Nbc6 8. Be3 d6 9. Qd2 f5 10. Na3 0-0 11. Ne1 Rb8 12. f3 b5 13. d4 b4 14. Nac2 bxc3 15. bxc3 Qa5 16. Rf2 Rb2 17. Nd3 Rxa2 18. Rxa2 Qxa2 19. dxc5 d5 20. Ndb4 Qc4 21. Bf1 Qxc3 22. exd5 Nxb4 23. Nxb4 Qxd2 24. Bxd2 Bd4 25. d6 Nd5 26. Nxd5 exd5 27. c6 Rd8 28. d7 Bxd7 29. Ba5 Bxc6 30. Bxd8 Bb7 31. Kg2 Bxf2 32. Kxf2 Kf7 33. Ke3 Ke6 34. Kd4 Bc8 35. f4 Bb7 36. Kc5 Bc8 37. Ba5 h6 38. Bg2 Bb7 39. Kb6 Ba8 40. Kxa6 Bc6 41. Kb6 Ba4 42. Kc5 Bb3 43. h4 h5 44. Bc3 Bc4 45. Bd4 Bb3 46. Bf1 Ba2 47. Bb5 Ke7 48. Bc6 Bb3 49. Bxd5 Ba4 50. Be5 Bd7 51. Bd6+ Kf6 52. Bf8 Ba4 53. Kd6 Bb5 54. Bh6 Be8 55. Bg5+ Kg7 56. Ke7 Ba4 57. Bf6+ Kh7 58. Kf8 1-0

[Event "Politiken Cup 29th"]
[Site "Copenhagen"]
[Date "2007.07.26"]
[Round "7"]
[White "Jensen, Ib Vagn Norgaard"]
[Black "Zhao, Parker Bi Guang"]
[Result "0-1"]
[WhiteElo "2043"]
[BlackElo "2180"]
[PlyCount "80"]
[EventDate "2007.07.21"]
[EventType "swiss"]
[EventRounds "10"]
[EventCountry "DEN"]
[SourceTitle "CBM 119 Extra"]
[Source "ChessBase"]
[SourceDate "2007.09.04"]
[SourceVersion "1"]
[SourceVersionDate "2007.09.04"]
[SourceQuality "1"]

1. d4 d5 2. Nf3 c6 3. Bf4 Nf6 4. e3 Bf5 5. c4 e6 6. Qb3 Qc8 7. Nc3 Be7 8. Be2 0-0 9. Ne5 Ne4 10. g4 Bg6 11. h4 Nxc3 12. bxc3 dxc4 13. Bxc4 Be4 14. f3 Bd5 15. g5 Nd7 16. e4 Nxe5 17. Bxe5 Bxc4 18. Qxc4 b5 19. Qe2 Qd8 20. Qh2 Qa5 21. Rc1 b4 22. 0-0 bxc3 23. Kh1 Qb5 24. Rg1 Qd3 25. Qg3 Ba3 26. Rcd1 Qb5 27. Rb1 Qe2 28. Rbe1 Qc4 29. h5 g6 30. hxg6 fxg6 31. Qh3 c2 32. d5 Rae8 33. Rg2 exd5 34. Rh2 Rf7 35. Bf4 c1Q 36. Bxc1 Bxc1 37. e5 Qc3 38. Rhe2 Bxg5 39. e6 Rxf3 40. Qg4 Qf6 0-1

[Event "Politiken Cup 29th"]
[Site "Copenhagen"]
[Date "2007.07.25"]
[Round "6"]
[White "Zhao, Parker Bi Guang"]
[Black "Rohit, Gogineni"]
[Result "0-1"]
[WhiteElo "2180"]
[BlackElo "2470"]
[PlyCount "94"]
[EventDate "2007.07.21"]
[EventType "swiss"]
[EventRounds "10"]
[EventCountry "DEN"]
[SourceTitle "CBM 119 Extra"]
[Source "ChessBase"]
[SourceDate "2007.09.04"]
[SourceVersion "1"]
[SourceVersionDate "2007.09.04"]
[SourceQuality "1"]

1. e4 c5 2. Nf3 e6 3. d3 Nc6 4. g3 d5 5. Nbd2 Bd6 6. Bg2 Nge7 7. 0-0 0-0 8. Nh4 Bc7 9. f4 f6 10. c3 b6 11. f5 dxe4 12. dxe4 Ne5 13. Qe2 a5 14. Nhf3 N7c6 15. Nxe5 Nxe5 16. fxe6 Bxe6 17. Rd1 Qd3 18. Qxd3 Nxd3 19. e5 Rad8 20. exf6 Rxf6 21. Ne4 Rff8 22. Bg5 Rd7 23. Rd2 h6 24. Be3 Rfd8 25. Nf2 Ne5 26. Rxd7 Rxd7 27. Bf4 Re7 28. Bxe5 Bxe5 29. a3 Kf7 30. Nd3 Bc7 31. Nf4 Bxf4 32. Rf1 g5 33. gxf4 Bc4 34. Rd1 gxf4 35. Rd2 Re3 36. Kf2 Bd3 37. Bf3 c4 38. b3 cxb3 39. Bd5+ Kf6 40. Bxb3 Ke5 41. Bg8 Be4 42. Rb2 Rxc3 43. Rxb6 Rc2+ 44. Ke1 Rxh2 45. Bc4 Kd4 46. Bf1 f3 47. Ra6 Ke3 0-1

[Event "USA-chT Amateur East"]
[Site "Parsippany"]
[Date "2007.02.18"]
[Round "4"]
[White "Zhao, Parker Bi Guang"]
[Black "West, James R"]
[Result "1/2-1/2"]
[WhiteElo "2181"]
[BlackElo "2220"]
[PlyCount "60"]
[EventDate "2007.02.17"]
[EventType "team"]
[EventRounds "6"]
[EventCountry "USA"]
[SourceTitle "CBM 117 Extra"]
[Source "ChessBase"]
[SourceDate "2007.05.09"]
[SourceVersion "1"]
[SourceVersionDate "2007.05.09"]
[SourceQuality "1"]

1. e4 e5 2. Nf3 d6 3. d4 f5 4. dxe5 fxe4 5. Ng5 d5 6. h4 Bc5 7. c4 c6 8. cxd5 cxd5 9. Nc3 Ne7 10. Ncxe4 dxe4 11. Qxd8+ Kxd8 12. Nf7+ Kc7 13. Nxh8 Be6 14. Bd2 Nbc6 15. Rc1 Kb6 16. Bc4 Bxc4 17. Rxc4 Rxh8 18. Rh3 Bd4 19. Rb3+ Kc7 20. Bb4 Nc8 21. Bc3 Rd8 22. Bxd4 Rxd4 23. Rxd4 Nxd4 24. Rg3 g6 25. Rg4 Kc6 26. Rxe4 Kd5 27. f3 Ne7 28. Rf4 Nef5 29. Re4 Ne7 30. Rf4 Nef5 1/2-1/2

[Event "Philadelphia National op 37th"]
[Site "Philadelphia"]
[Date "2006.11.24"]
[Round "1"]
[White "Shabalov, Alexander"]
[Black "Zhao, Parker Bi Guang"]
[Result "1-0"]
[WhiteElo "2575"]
[BlackElo "2187"]
[PlyCount "105"]
[EventDate "2006.11.24"]
[EventType "swiss"]
[EventRounds "6"]
[EventCountry "USA"]
[SourceTitle "CBM 115 Extra"]
[Source "ChessBase"]
[SourceDate "2007.01.10"]
[SourceVersion "1"]
[SourceVersionDate "2007.01.10"]
[SourceQuality "1"]

1. e4 c5 2. Na3 Nc6 3. Bb5 Nd4 4. Nf3 Nxb5 5. Nxb5 a6 6. Nc3 e6 7. d4 cxd4 8. Qxd4 b5 9. 0-0 Bb7 10. Bg5 f6 11. Bh4 Ne7 12. Rad1 Nc6 13. Qd3 Be7 14. Rfe1 d6 15. a4 b4 16. Ne2 Ne5 17. Qe3 Nxf3+ 18. Qxf3 f5 19. Bxe7 Qxe7 20. Ng3 0-0 21. Qb3 f4 22. Nf5 Qf6 23. Nxd6 Rab8 24. Nxb7 Rxb7 25. Rd6 Re7 26. e5 Qg6 27. f3 a5 28. Re4 h5 29. Qc4 Qf5 30. Qc5 g5 31. Rdd4 Rg7 32. Qc4 Kh8 33. Kf1 Rfg8 34. Qd3 Rc7 35. Rd8 Rc5 36. Rxg8+ Kxg8 37. Qd8+ Kf7 38. Rd4 Rd5 39. Rxd5 exd5 40. Qxd5+ Ke8 41. Qc6+ Kf7 42. Qc7+ Ke8 43. h3 g4 44. hxg4 hxg4 45. Qc6+ Ke7 46. Qf6+ Qxf6 47. exf6+ Kxf6 48. Ke2 gxf3+ 49. gxf3 Ke5 50. Kd3 Kd6 51. b3 Ke5 52. Kc4 Kf5 53. Kd4 1-0

[Event "Wch U12"]
[Site "Belfort"]
[Date "2005.07.26"]
[Round "8"]
[White "Iermito, Sebastian"]
[Black "Zhao, Parker Bi Guang"]
[Result "1-0"]
[WhiteElo "2134"]
[BlackElo "2029"]
[PlyCount "123"]
[EventDate "2005.07.19"]
[EventType "swiss"]
[EventRounds "11"]
[EventCountry "FRA"]
[SourceTitle "CBM 107 Extra"]
[Source "ChessBase"]
[SourceDate "2005.09.01"]
[SourceVersion "1"]
[SourceVersionDate "2005.09.01"]
[SourceQuality "1"]

1. e4 c5 2. Nf3 e6 3. d4 cxd4 4. Nxd4 a6 5. Bd3 Bc5 6. Nb3 Ba7 7. Qe2 Nc6 8. Nc3 Nge7 9. Be3 0-0 10. 0-0-0 d6 11. f4 Qc7 12. Bxa7 Rxa7 13. Qh5 Nb4 14. Rhf1 Ng6 15. a3 Nxd3+ 16. Rxd3 Re8 17. f5 exf5 18. exf5 Nf8 19. Nd5 Qd8 20. f6 Ng6 21. fxg7 Re5 22. Qh6 Qg5+ 23. Qxg5 Rxg5 24. Nf6+ Kxg7 25. Ne8+ Kg8 26. Nxd6 Be6 27. g3 b5 28. Nd4 Ne5 29. Rc3 Bh3 30. Ne4 Bxf1 31. Nxg5 h6 32. Ngf3 Nc4 33. Nd2 Re7 34. Nxc4 Bxc4 35. Kd2 Re4 36. b3 Rxd4+ 37. Ke3 Rg4 38. bxc4 bxc4 39. Kf3 Rd4 40. Ke3 Rg4 41. Kd2 Rd4+ 42. Kc1 Re4 43. Rf3 Kg7 44. Kd2 Kg6 45. Re3 Kf5 46. Rxe4 Kxe4 47. Kc3 Kd5 48. Kb4 Kd4 49. g4 f6 50. h3 c3 51. a4 Kd5 52. Kxc3 Kc5 53. Kb3 a5 54. Kc3 Kd5 55. Kd3 Kc5 56. c3 Kd5 57. c4+ Ke5 58. Ke3 f5 59. gxf5 Kxf5 60. Kd4 Ke6 61. Kc5 h5 62. Kb6 1-0